000 00575nam a22001937a 4500
003 KOHA_MİRAKIL
005 20251202062825.0
008 251202b tu ||||| |||| 00| 0 tur d
020 _a9786259412931
040 _aTR-AnABB
_btur
_cTR-AnABB
041 _atur
082 _a346.56104
_bSUR 2024
100 1 _aÇetiner,Selma,
245 1 0 _aSuriye aile hukuku mevzuatı ve açıklaması /
_cSelma Çetiner
260 _aİstanbul :
_bİstanbul Gedik Üniversitesi Yayınları,
_c2024
300 _a88 sayfa ;
_c19 cm
650 0 4 _aAile Hukuku
942 _2ddc
_cBK
999 _c9687
_d9687
900 _bGizem YORULMAZ